000 00537nam a2200193Ia 4500
005 20250508162611.0
008 008 250505s9999 xx 000 0 eng d
037 _aTextual
040 _aFEDL
_beng
_cFEDL
041 _aeng
_2eng
084 _a370.733, PAS
_qFEDL
100 _aPassi B K
_9137893
245 0 _aModule of feedback training
260 _aAgra, India
_bNational Psychological Corporation
_c1984
300 _a80p.
650 _aEducation
942 _cTEXL
_h370.733, PAS
999 _c1377572
_d1377572